000 00525nam a2200229Ia 4500
005 20250425162139.0
008 250425s9999 xx 000 0 und d
020 _a9684443404
041 _aspa
082 _a547
100 _aMORRISON, ROBERT THORNTON
245 0 _aQUÍMICA ORGÁNICA
250 _a5A ED.
260 _aMEXICO
260 _aMéxico
_bPEARSON
_c1998
300 _a1474
650 _aESPECTROSCOPIA
650 _aESTEREOQUIMICA
650 _aQUIMICA ORGANICA
942 _c01
010 _a52876
999 _c223253
_d223253